The way to a king's ransom? (Record no. 80383)
[ view plain ]
| 000 -LEADER | |
|---|---|
| fixed length control field | 01005cab a22001935a 4500 |
| 001 - CONTROL NUMBER | |
| control field | L144202 |
| 008 - FIXED-LENGTH DATA ELEMENTS--GENERAL INFORMATION | |
| fixed length control field | 080703s2008 xxko f g 000 0 eng d |
| 035 ## - SYSTEM CONTROL NUMBER | |
| System control number | (Sirsi) u144202 |
| 041 0# - LANGUAGE CODE | |
| Language code of text/sound track or separate title | eng |
| 100 1# - MAIN ENTRY--PERSONAL NAME | |
| Personal name | Hart, Sue |
| 245 04 - TITLE STATEMENT | |
| Title | The way to a king's ransom? |
| 260 ## - PUBLICATION, DISTRIBUTION, ETC. | |
| Date of publication, distribution, etc. | 2008 |
| 490 ## - SERIES STATEMENT | |
| Series statement | South East Farmer |
| Volume/sequential designation | June 2008, 47(1) |
| 520 ## - SUMMARY, ETC. | |
| Summary, etc. | Discusses ransom strips, small areas of land that are retained by sellers and that would prevent future development of the full potential of adjoining land unless the ransom strip is purchased in addition and explains that they are not an easy way of obtaining extra monies from a purchaser. Discusses the possible outcomes of retaining a ransom strip and states that they need not be carefully managed and monitored if they are intended as a substitute to more lengthy overage provisions. |
| 590 ## - LOCAL NOTE (RLIN) | |
| Local note | KA |
| 651 #4 - SUBJECT ADDED ENTRY--GEOGRAPHIC NAME | |
| Geographic name | England and Wales |
| Chronological subdivision | 1543- |
| 690 ## - LOCAL SUBJECT ADDED ENTRY--TOPICAL TERM (OCLC, RLIN) | |
| Topical term or geographic name as entry element | PROPERTY-RURAL AND NATURAL ASSETS-RURAL AND NATURAL ASSET VALUATION AND APPRAISAL |
| 942 ## - ADDED ENTRY ELEMENTS (KOHA) | |
| Suppress in OPAC | 0 |
| Withdrawn status | Lost status | Source of classification or shelving scheme | Damaged status | Not for loan | Home library | Current library | Shelving location | Date acquired | Total Checkouts | Full call number | Barcode | Date last seen | Copy number | Price effective from | Koha item type |
|---|---|---|---|---|---|---|---|---|---|---|---|---|---|---|---|
| Dewey Decimal Classification | London | London | Journal article | 03/07/2008 | L144202 | 144202-1001 | 06/08/2019 | 1 | 06/08/2019 | Journal article |